000 00649nam a2200253Ia 4500
003 OSt
005 20221006145014.0
006 a|||||r|||| 00| 0
007 ta
008 221006b |||||||| |||| 00| 0 eng d
020 _c20.00
024 _a13,476
037 _cTextual
040 _aEASL
_cEASL
_beng
041 _2eng
_aeng
082 _aV44Q72.N71, L1
100 _aCHPRPA Pran Ed.
_9653316
245 0 _aChallenge of Bangla desh
260 _aBombay
_bPopular Prakashan
_c1971
300 _a159p.
_ccm.
490 _v Oth
942 _hV44Q72.N71, L1
_cTEXL
_2CC
999 _c1081562
_d1081562